Outsourcing v ochodno-podnikateľských službách bakalárska práca

Uložené v:
Podrobná bibliografia
Hlavný autor: Harová, Eva
Korporativný autor: Obchodná fakulta EU. Katedra služieb a cestovného ruchu - zrušené
Ďalší autori: Kovaříková, Barbora
Médium: Kniha
Jazyk:Slovak
Vydavateľské údaje: Bratislava 2012
Tagy: Pridať tag
Žiadne tagy, Buďte prvý, kto otaguje tento záznam!

MARC

LEADER 00000nbm a2200000 4500
001 0154444
005 20161109111844.3
041 0 |a slo 
044 |a SK 
245 1 0 |a Outsourcing v ochodno-podnikateľských službách  |b bakalárska práca  |c Eva Harová ; školiteľ: Barbora Kovaříková 
264 1 |a Bratislava  |c 2012 
300 |a 30 s. 
100 1 |a Harová, Eva 
700 1 |a Kovaříková, Barbora 
710 2 |a Obchodná fakulta EU. Katedra služieb a cestovného ruchu - zrušené